| 000 | 00845nam a2200277Ia 4500 | ||
|---|---|---|---|
| 003 | GCL | ||
| 008 | 140319s9999 xx 000 0 ara d | ||
| 040 |
_aGCL / _cGCL |
||
| 082 | 0 | 4 |
_a152.454 _bد ع |
| 100 | 1 | _aدوران روبير | |
| 245 | 1 | 0 |
_aالعلاج بالاسترخاء / _cدوران روبير |
| 700 | 1 | _aلطيف فرج (مترجم) | |
| 700 | 1 | _aبوسنجن، دى | |
| 260 |
_a[S.N] : _bدار المستقبل العربى ، _c1992 |
||
| 300 | _a140 ص | ||
| 490 |
_aالمكتبة العالمية _v0 |
||
| 650 | 0 | 4 | _aعلم النفس |
| 650 | 0 | 4 | _aالصحة العقلية |
| 650 | 0 | 4 | _aالجهاز العصبى |
| 650 | 0 | 4 | _aالتوتر |
| 650 | 0 | 4 | _aالعلاج بالاسترخاء |
| 650 | 0 | 4 | _aالراحة |
| 650 | 0 | 4 | _aالاستجمام |
| 650 | 0 | 4 | _aالاسترخاء |
| 942 |
_2ddc _cBK |
||
| 999 |
_c35926 _d35926 |
||